| 000 | 01081nam0a22003011 4500 | ||
|---|---|---|---|
| 001 | RU\NLR\INFOCOMM_46\5000715389 | ||
| 005 | 20250613094616.0 | ||
| 035 | _a(NLR Aleph) 009268179 | ||
| 090 |
_a9085320 _c9085320 |
||
| 100 | _a20100825d1976 |||y0rusy50 ca | ||
| 101 | 1 |
_aeng _crus |
|
| 102 | _aRU | ||
| 105 | _aa ||||000|y | ||
| 200 | 1 |
_aCultural changes in developing countries _e[Transl. from the Russ. ...] _fO. Dreyer |
|
| 210 |
_aΜ. _c"Progress" _d1976 |
||
| 215 |
_a296 с. _cил., карт. _d21 см |
||
| 225 | 1 | _aProblems of the Third world | |
| 300 | _aНа обороте тит. л.: О. К. Дрейер. Культурные преобразования в развивающихся странах | ||
| 320 | _aБиблиогр. примеч. в конце глав | ||
| 686 |
_aИ-Аф36 _2rubbk |
||
| 686 |
_aИВ50 _2rubbk |
||
| 700 | 1 |
_9z01790 _aDrejer _bO. K. _f1919- _gOleg Konstantionovič _4070 |
|
| 790 | 1 |
_9z01700 _aDreyer _bO. _4070 |
|
| 801 | 1 |
_aRU _bNLR _c20100825 |
|
| 801 | 0 |
_aRU _bNLR _gPSBO |
|
| 852 |
_aNLR _jИ91 Д-3/172 |
||
| 942 | _cBOOK | ||
| 980 | _aNB | ||